| 000 | 00539nam a2200217Ia 4500 | ||
|---|---|---|---|
| 003 | OSt | ||
| 005 | 20230623160306.0 | ||
| 008 | 210423s2014 xx 000 0 und d | ||
| 020 | _a978-93-5142-539-7 | ||
| 040 | _cAL | ||
| 041 | _aeng | ||
| 082 | _a368.003 NAND | ||
| 100 |
_aNANDHAKUMAR (B) _9117415 |
||
| 245 | _aDictionary of insurance | ||
| 260 |
_aMumbai _bHimalaya Publishing House _c2014 |
||
| 300 |
_a195 _bPB |
||
| 365 |
_b198 _cINR |
||
| 650 |
_aInsurance _9117416 |
||
| 906 | _aDictionary ; insurance | ||
| 942 |
_2ddc _cBK |
||
| 999 |
_c168492 _d168492 |
||